[Event "9th Bangabandhu Blitz Men 2021"]
[Site "Dhaka"]
[Date "2021.04.03"]
[Round "5.8"]
[White "Masum, Hossain"]
[Black "Rahman, Syed Mahfuzur"]
[Result "1-0"]
[WhiteElo "2061"]
[BlackElo "2206"]
[Annotator "NA"]
[PlyCount "111"]
[EventDate "2021.04.02"]
[EventType "swiss"]
[EventCountry "BAN"]
[SourceTitle "playchess.com"]
[Source "ChessBase"]
[SourceQuality "1"]
[TimeControl "1500+10"]

1. c4 {[%emt 0:22:06]} e5 {[%emt 0:22:08]} 2. Nc3 {[%emt 0:00:10]} Nf6 {[%emt 0:00:08]} 3. g3 {[%emt 0:00:10]} d5 {[%emt 0:00:09]} 4. cxd5 Nxd5 {[%emt 0:00:09]} 5. Bg2 {[%emt 0:00:19]} Nb6 {[%emt 0:00:09]} 6. d3 {[%emt 0:00:11]} Be7 {[%emt 0:00:09]} 7. Nf3 {[%emt 0:03:14]} Nc6 8. O-O {[%emt 0:00:00]} O-O {[%emt 0:00:17]} 9. a3 {[%emt 0:00:00]} a5 {[%emt 0:00:10]} 10. Be3 {[%emt 0:00:00]} Re8 {[%emt 0:00:10]} 11. Rc1 {[%emt 0:00:00]} Bf8 {[%emt 0:00:13]} 12. Ne4 {[%emt 0:00:00]} Nd4 {[%emt 0:00:29]} 13. Nc5 {[%emt 0:00:00]} c6 {[%emt 0:00:20]} 14. Rc3 {[%emt 0:00:00]} Rb8 {[%emt 0:00:48]} 15. b4 {[%emt 0:00:00]} axb4 {[%emt 0:00:39]} 16. axb4 {[%emt 0:00:00]} Bg4 {[%emt 0:00:10]} 17. Bxd4 {[%emt 0:00:18]} exd4 {[%emt 0:00:09]} 18. Ra3 {[%emt 0:00:10]} Nd7 {[%emt 0:00:35]} 19. Qc2 {[%emt 0:00:29]} Nxc5 {[%emt 0:01:18]} 20. bxc5 {[%emt 0:00:13]} Qd5 {[%emt 0:00:00]} 21. Rc1 {[%emt 0:00:12]} Ra8 {[%emt 0:00:00]} 22. Rb3 {[%emt 0:00:16]} Ra7 {[%emt 0:00:09]} 23. Rb4 {[%emt 0:00:10]} Bxf3 {[%emt 0:00:13]} 24. Bxf3 {[%emt 0:00:10]} Qe5 {[%emt 0:00:13]} 25. h4 {[%emt 0:00:21]} Rea8 {[%emt 0:00:09]} 26. Kg2 {[%emt 0:00:14]} g6 {[%emt 0:00:10]} 27. Qc4 {[%emt 0:00:13]} Ra5 {[%emt 0:00:15]} 28. Qxd4 {[%emt 0:00:13]} Qxd4 29. Rxd4 {[%emt 0:00:09]} Rxc5 {[%emt 0:00:21]} 30. Rb1 {[%emt 0:00:13]} Rb8 {[%emt 0:00:13]} 31. Rd7 {[%emt 0:00:10]} b6 {[%emt 0:00:11]} 32. Ra1 {[%emt 0:00:18]} b5 {[%emt 0:00:12]} 33. Raa7 {[%emt 0:00:10]} Rf5 {[%emt 0:00:10]} 34. Bxc6 {[%emt 0:00:10]} b4 {[%emt 0:00:09]} 35. e4 {[%emt 0:00:11]} Rf6 {[%emt 0:00:09]} 36. Bd5 {[%emt 0:00:09]} b3 {[%emt 0:00:10]} 37. Rxf7 {[%emt 0:00:14]} Rxf7 {[%emt 0:00:10]} 38. Bxf7+ {[%emt 0:00:27]} Kh8 39. Ra1 {[%emt 0:00:00]} b2 {[%emt 0:00:19]} 40. Rb1 {[%emt 0:00:05]} Bg7 {[%emt 0:00:10]} 41. f4 {[%emt 0:00:11]} Ra8 {[%emt 0:00:09]} 42. e5 {[%emt 0:00:09]} Ra1 {[%emt 0:00:10]} 43. Rxb2 {[%emt 0:00:09]} Bf8 {[%emt 0:00:13]} 44. Rb8 {[%emt 0:00:11]} Kg7 {[%emt 0:00:08]} 45. Bc4 {[%emt 0:00:11]} Rd1 {[%emt 0:00:10]} 46. Kf3 {[%emt 0:00:09]} Bb4 {[%emt 0:00:10]} 47. Rxb4 {[%emt 0:00:11]} Rf1+ {[%emt 0:00:09]} 48. Ke4 {[%emt 0:00:09]} Kh6 {[%emt 0:00:09]} 49. g4 {[%emt 0:00:10]} Rg1 {[%emt 0:00:09]} 50. Be6 {[%emt 0:00:12]} Kg7 {[%emt 0:00:11]} 51. Rb7+ {[%emt 0:00:10]} Kf8 {[%emt 0:00:09]} 52. d4 {[%emt 0:00:11]} h5 {[%emt 0:00:10]} 53. gxh5 {[%emt 0:00:12]} gxh5 {[%emt 0:00:09]} 54. f5 {[%emt 0:00:10]} Re1+ {[%emt 0:00:09]} 55. Kd5 {[%emt 0:00:09]} Rh1 {[%emt 0:00:10]} 56. f6 {[%emt 0:00:10]} 1-0

[Event "9th Bangabandhu Blitz Men 2021"]
[Site "Dhaka"]
[Date "2021.04.03"]
[Round "6.1"]
[White "Mollah Abdullah, Al Rakib"]
[Black "Hossain, Enamul"]
[Result "0-1"]
[WhiteElo "2464"]
[BlackElo "2404"]
[Annotator "TA"]
[PlyCount "53"]
[EventDate "2021.04.02"]
[EventType "swiss"]
[EventCountry "BAN"]
[SourceTitle "playchess.com"]
[Source "ChessBase"]
[SourceQuality "1"]

{[%evp 19,53,18,16,16,19,23,24,16,32,18,33,33,44,57,66,-56,0,-40,-19,-83,-86,-111,14,-62,-68,-105,-34,-139,-138,-154,-114,-139,-125,-305,-120,-302]} 1. d4 Nf6 2. Nf3 e6 3. c4 Bb4+ 4. Nbd2 O-O 5. a3 Be7 6. e3 d5 7. Qc2 b6 8. Bd3 c5 9. O-O Bb7 10. dxc5 bxc5 11. b3 {E14: Queen's Indian: Classical Variation (4 e3).} Nbd7 12. Bb2 h6 {[#]} 13. Rfd1 $146 {White has an edge.} ({Predecessor:} 13. cxd5 exd5 14. Nh4 Re8 15. Nf5 Bf8 16. Rfd1 Qb6 17. Rab1 Ne5 18. Be2 Rac8 19. Nf3 {½-½ (33) Simantsev,M (2457)-Lavretzkij,R (2267) Moscow 2015}) 13... Rc8 14. cxd5 exd5 15. Bf5 Rb8 16. e4 d4 17. Nc4 (17. Re1 $14) 17... Nb6 (17... g6 $15 18. e5 gxf5 19. exf6 Nxf6 20. Qxf5 Qc8 21. Qxc8 Rfxc8) 18. e5 Nfd5 19. Be4 (19. Na5 $11) 19... Nxc4 $17 20. Qxc4 Nf4 ({Black should play} 20... Nb6 $17 21. Qd3 Bxe4 22. Qxe4 Qd5) 21. Bxb7 (21. Nxd4 $11 Bxe4 {[#]} 22. Nc6 $1 Bxc6 23. Rxd8 Rfxd8 24. Qxf4) 21... Rxb7 $15 22. b4 {[%cal Rb2d4]} Qb6 ({Better is} 22... Qd5 $17 23. Qxd5 Nxd5) 23. Rd2 ({White should try} 23. Bc1 $1 $15 Ne6 24. Bd2) 23... Qg6 $36 {[%csl Gf4][%cal Rg6g2][%mdl 2048] [#] Keeping White busy.} 24. g3 Qg4 ({Resist} 24... cxb4 25. Qxd4 Ne6 26. Qd3 $17) 25. Ne1 cxb4 26. Bxd4 $2 (26. f3 $17 Qe6 27. Qxe6 Nxe6 28. Nd3) 26... Ne6 $2 ({Don't do} 26... bxa3 27. f3 $19) (26... Rd8 $19 {and Black stays clearly on top. Strongly threatening ...Rxd4!} 27. Rad1 bxa3) 27. Rad1 $2 {Weighted Error Value: White=0.53/Black=0.44} (27. Qd5 $17 {was the only defense.} Rc7 28. Bb2) 0-1

[Event "9th Bangabandhu Blitz Men 2021"]
[Site "Dhaka"]
[Date "2021.04.03"]
[Round "6.2"]
[White "Reefat, Bin-Sattar"]
[Black "Anata, Choudhury"]
[Result "0-1"]
[WhiteElo "2401"]
[BlackElo "2184"]
[Annotator "TA"]
[PlyCount "43"]
[EventDate "2021.04.02"]
[EventType "swiss"]
[EventCountry "BAN"]
[SourceTitle "playchess.com"]
[Source "ChessBase"]
[SourceQuality "1"]

{[%evp 9,43,9,16,16,17,10,19,29,15,0,20,19,40,26,29,-26,-6,-28,-6,-55,39,18,67,80,85,81,87,75,210,202,228,209,221,196,199,215]} 1. e4 c5 2. b3 d6 3. Bb2 Nf6 4. Bb5+ Bd7 5. Bxd7+ Nbxd7 6. d3 {B20: Sicilian: Unusual White 2nd moves.} g6 7. f4 Bg7 8. Nf3 {The position is equal.} O-O 9. O-O b5 {[#]} 10. Qe2 $146 ({Predecessor:} 10. Nbd2 Qc7 11. Qe1 Rae8 12. Kh1 e5 13. f5 d5 14. Nh4 g5 15. Nhf3 g4 16. Ng1 {0-1 (32) Martin Garcia,G (2165)-Sanchez Gonzalez,S (2300) Madrid 2016}) 10... Nb6 11. Nbd2 a5 12. e5 (12. c4 $142) 12... Nfd5 $11 13. Ng5 h6 14. Nh3 e6 ({Black should try} 14... a4 $15 15. a3 axb3 16. cxb3 Qd7) 15. Ne4 $36 {[%mdl 2048] Strongly threatening c4. White has the initiative.} a4 16. c4 a3 17. Bc1 bxc4 18. dxc4 Ne7 {This move loses the game for Black.} (18... dxe5 $16 19. cxd5 exd5) 19. Nxd6 $18 {White is clearly better.} Nf5 20. Nxf5 exf5 21. Be3 Qc7 22. Rad1 {[%mdl 32768] Weighted Error Value: White=0.14/Black=0.30. Loss on time!?} 0-1

[Event "9th Bangabandhu Blitz Men 2021"]
[Site "Dhaka"]
[Date "2021.04.03"]
[Round "6.3"]
[White "Mohammad Fahad, Rahman"]
[Black "Rahman, Ziaur"]
[Result "1/2-1/2"]
[WhiteElo "2321"]
[BlackElo "2432"]
[Annotator "TA"]
[PlyCount "58"]
[EventDate "2021.04.02"]
[EventType "swiss"]
[EventCountry "BAN"]
[SourceTitle "playchess.com"]
[Source "ChessBase"]
[SourceQuality "1"]

{[%evp 12,58,29,0,0,-6,12,12,24,16,12,-39,-42,-53,0,-31,-13,-22,0,-11,26,10,21,18,20,10,19,0,0,0,0,-34,27,-64,-71,-102,-74,-74,-74,-89,-85,-118,-116,-155,-61,-162,-138,-158,-145]} 1. e4 g6 2. d4 Bg7 3. Nc3 c6 4. Be3 d5 5. Qd2 dxe4 6. Nxe4 Nd7 {[%cal Bb8d7,Bd7f6,Bf6g4,Bg4e3][%mdl 32] 6...Nf6 might become the main line.} 7. O-O-O Ngf6 {B15: Caro-Kann: 3 Nc3: 3...g6 and 3...dxe4 4 Nxe4 Nf6 5 Nxf6+ exf6.} 8. f3 Nxe4 9. fxe4 Nf6 {The position is equal.} 10. Bd3 Ng4 {[#]} 11. e5 $146 (11. Nf3 $11) ({Predecessor:} 11. Nf3 Nxe3 12. Qxe3 Bg4 13. Bc4 O-O 14. h3 Bxf3 15. gxf3 b5 16. Be2 Qb6 17. f4 {0-1 (39) Dragun,K (2431)-Krasenkow,M (2621) Gorzow Wielkopolski 2011}) 11... Nxe3 $15 12. Qxe3 Qa5 (12... Qd5 $15 13. Kb1 Be6) 13. Kb1 Be6 14. c4 O-O-O 15. Nf3 Qb4 16. Rc1 {[%cal Bd1c1,Bc1c3,Bc3b3][%mdl 32]} Kb8 17. Rc3 h5 18. Rb3 Qa5 19. Ra3 Qb6 20. h3 Bh6 21. Qe2 Bg7 (21... g5 $15 22. c5 Qc7) 22. Qc2 (22. Rb3 $11 Qa5 23. Ra3) 22... Rxd4 23. Rb3 Qd8 24. Nxd4 Qxd4 25. Re1 Bxe5 26. a3 Rd8 27. Ka2 Bf6 (27... a5 $17 28. Kb1 Bf6) 28. Bf1 (28. Rxe6 $1 $15 fxe6 29. Bxg6) 28... Qc5 29. Ka1 a5 {Weighted Error Value: White=0.29/Black=0.19} 1/2-1/2

[Event "9th Bangabandhu Blitz Men 2021"]
[Site "Dhaka"]
[Date "2021.04.03"]
[Round "6.4"]
[White "Mohammad Minhaz Uddin"]
[Black "Ahmed, Sheikh Nasir"]
[Result "1-0"]
[WhiteElo "2281"]
[BlackElo "2176"]
[Annotator "TA"]
[PlyCount "55"]
[EventDate "2021.04.02"]
[EventType "swiss"]
[EventCountry "BAN"]
[SourceTitle "playchess.com"]
[Source "ChessBase"]
[SourceQuality "1"]

{[%evp 14,55,0,-1,0,-13,-15,-14,-15,-26,-20,-25,13,9,61,0,39,33,72,77,72,77,72,65,79,41,94,81,78,58,54,0,0,0,0,0,113,119,99,98,122,98,193,195]} 1. e4 c5 2. Nf3 e6 3. d4 cxd4 4. Nxd4 Nc6 5. Be2 Nf6 6. Nc3 Bb4 {6...d6 is more fashionable.} 7. Nxc6 bxc6 8. O-O d5 {B45: Sicilian Four Knights.} 9. e5 Nd7 10. f4 O-O {The position is equal.} 11. Bd3 {[#]} Bxc3 $146 ({Predecessor:} 11... Nc5 12. a3 Nxd3 13. cxd3 Bc5+ 14. d4 Bb6 15. b4 Ba6 16. Rf3 f6 17. Be3 fxe5 18. fxe5 {0-1 (41) Lukac,A (1202)-Zeliantsova,K (1718) Porec 2015}) 12. bxc3 c5 13. c4 Bb7 (13... dxc4 $11 14. Bxc4 Bb7) 14. Rb1 (14. cxd5 $14 Bxd5 15. c4) 14... Qc7 15. cxd5 Bxd5 16. c4 Bc6 17. Rb3 {[%cal Bb1b3,Bb3a3,Ba3h3][%mdl 32]} g6 {White should prevent ...Ba4.} 18. Qe1 Rab8 19. Ra3 Rfd8 ({Black should try} 19... Rb4 $14) 20. Bc2 Nb6 21. Rh3 {Hoping for Qh4.} Qe7 22. f5 ({White should play} 22. Qe2 $14) 22... exf5 $11 23. Bxf5 {aiming for e6.} Nxc4 ({Not} 23... gxf5 $2 24. Qg3+ Kf8 25. Bg5 $18) 24. e6 f6 {[#]} (24... gxf5 $11 {keeps the balance.} 25. Bh6 fxe6 26. Rg3+ Kh8 27. Bg7+ Qxg7 28. Rxg7 Kxg7 29. Qxe6 Nd6) 25. Bxg6 $1 $16 {[%mdl 512]} hxg6 26. Qh4 $1 {[%csl Gh3,LRc4,LRf6][%cal Rh4h8]} Qg7 {...Rd4 is the strong threat.} 27. Qxc4 {And now e7+ would win.} f5 (27... Bb5 $16 28. Qb3 Qe7) 28. e7+ $1 {Weighted Error Value: White=0.08/Black=0.27} ({Don't take} 28. Qxc5 $6 Qd4+ 29. Qxd4 Rxd4 $16) 1-0

[Event "9th Bangabandhu Blitz Men 2021"]
[Site "Dhaka"]
[Date "2021.04.03"]
[Round "6.5"]
[White "Islam, Khandaker Aminul"]
[Black "Subrota, Biswas"]
[Result "1-0"]
[WhiteElo "2210"]
[BlackElo "2256"]
[Annotator "TA"]
[PlyCount "34"]
[EventDate "2021.04.02"]
[EventType "swiss"]
[EventCountry "BAN"]
[SourceTitle "playchess.com"]
[Source "ChessBase"]
[SourceQuality "1"]

{[%evp 9,34,0,0,0,0,0,0,-9,16,0,0,0,1,3,3,12,9,9,9,-13,-3,-23,-22,-18,0,0,0]} 1. d4 d5 2. Nf3 Nf6 3. Bf4 c5 4. e3 Nc6 5. Nbd2 Qb6 6. dxc5 {D02: 1 d4 d5 2 Nf3 sidelines, including 2...Nf6 3 g3 and 2...Nf6 3 Bf4.} Qxb2 7. Rb1 Qc3 8. Bb5 g6 9. O-O Bg7 $1 10. Nb3 {[#] Threatens to win with e4!} O-O 11. Bxc6 bxc6 12. Be5 $36 {[%mdl 2048] White is pushing.} Qc4 13. Qd4 Qxd4 {[#]} 14. Nfxd4 $146 ({Predecessor:} 14. exd4 a5 15. a4 Bf5 16. Rb2 Ne4 17. Bxg7 Kxg7 18. Ne5 Rfc8 19. g4 f6 20. Nxc6 Rxc6 21. gxf5 gxf5 {½-½ (102) Demchenko,A (2632)-Abdusattorov,N (2627) Chess.com INT 2020}) 14... Ne4 15. Bxg7 Kxg7 16. Nxc6 Ba6 17. Rfe1 e6 {[%mdl 32768] An uneventful encounter.  Weighted Error Value: White=0.05/Black=0.04. Loss on time!?} 1-0

[Event "9th Bangabandhu Blitz Men 2021"]
[Site "Dhaka"]
[Date "2021.04.03"]
[Round "6.6"]
[White "Rahman, Taibur"]
[Black "Ghosh, Chanchal Kumer"]
[Result "1-0"]
[WhiteElo "2189"]
[BlackElo "2052"]
[Annotator "TA"]
[PlyCount "49"]
[EventDate "2021.04.02"]
[EventType "swiss"]
[EventCountry "BAN"]
[SourceTitle "playchess.com"]
[Source "ChessBase"]
[SourceQuality "1"]

{[%evp 18,49,41,49,33,-6,1,0,0,-11,25,0,15,0,47,27,30,32,66,55,53,45,117,68,139,136,129,154,177,155,388,300,412,375]} 1. d4 d5 2. c4 e6 3. Nc3 Nf6 4. cxd5 exd5 5. Bg5 Be7 6. e3 a6 7. Bd3 O-O 8. Qc2 h6 9. Bh4 Nbd7 10. Nf3 c5 {D35: Queen's Gambit Declined: Exchange Variation.} 11. O-O c4 12. Bf5 b5 {The position is equal.} 13. Ne5 {And now Nc6 would win.} Bb7 14. Rad1 Nb6 {[#]} 15. a3 $146 ({Predecessor:} 15. a4 b4 16. a5 Nc8 17. Na4 b3 18. Qd2 Nd6 19. Bb1 Nfe4 20. Bxe7 Qxe7 {½-½ (54) Genchev,M (2262)-Kubikova,H (2119) ICCF email 2014}) 15... Qd6 16. Bg3 {[#] Strongly threatening Nxf7!} Qd8 17. Rfe1 b4 18. axb4 Bxb4 19. Bh4 Re8 ({Black should try} 19... Qd6 $14) 20. e4 g5 (20... dxe4 $14 21. Ng4 Be7) 21. Bg3 dxe4 22. h4 Bxc3 23. bxc3 Nfd5 $2 {[#]} (23... Bd5 $16 {was worth a try.} 24. hxg5 hxg5) 24. hxg5 hxg5 25. Bxe4 {Weighted Error Value: White=0.18/Black=0.43} 1-0

[Event "9th Bangabandhu Blitz Men 2021"]
[Site "Dhaka"]
[Date "2021.04.03"]
[Round "6.7"]
[White "Asaduzzaman, Ahad"]
[Black "Mehdi Hasan Parag"]
[Result "0-1"]
[WhiteElo "1742"]
[BlackElo "2192"]
[Annotator "TA"]
[PlyCount "84"]
[EventDate "2021.04.02"]
[EventType "swiss"]
[EventCountry "BAN"]
[SourceTitle "playchess.com"]
[Source "ChessBase"]
[SourceQuality "1"]

{[%evp 14,84,48,25,27,22,20,24,33,20,62,58,54,55,48,31,85,0,6,4,17,11,46,2,27,-28,-14,-15,0,-62,-63,-65,-14,-77,0,-27,0,-7,6,13,11,12,12,17,14,22,26,0,110,111,116,116,121,0,0,-246,-235,-217,-112,-658,-283,-29978,-29977,-29983,-29984,-29983,-29977,-29984,-29985,-29984,-29985,-29986,-29987]} 1. e4 c6 2. c4 d5 3. exd5 cxd5 4. cxd5 Nf6 5. Nc3 g6 6. d4 Bg7 7. Bc4 O-O 8. Nf3 a6 {B14: Caro-Kann: Panov-Botvinnik Attack with 5...e6 and 5...g6.} 9. O-O b5 10. Bb3 Bb7 {[%cal Rf6d5] White has an edge.} 11. Bg5 h6 {[#]} 12. Bh4 $146 ({Predecessor:} 12. Bf4 g5 13. Bg3 b4 14. Na4 Bxd5 15. Rc1 Ra7 16. Rc5 e6 17. Qc2 Nbd7 18. Bxd5 Nxd5 {½-½ (38) Eisinger,M-Eliskases,E Bad Oeynhausen 1938}) 12... b4 13. Na4 Bxd5 14. Re1 Nbd7 (14... Nc6 $14) 15. Qd2 ({White should try} 15. Ne5 $16) 15... Bxb3 16. axb3 Nd5 17. Rac1 Re8 18. Bg3 Rc8 (18... e6 {is more complex.} 19. Nc5 a5 20. Nb7 Qb6 21. Nd6 Red8) 19. Ne5 (19. Nc5 $142) 19... Nxe5 $11 20. dxe5 {[#] Rxc8 is the strong threat.} e6 21. Qe2 ({Better is} 21. Nc5 $11) 21... Qa5 $15 22. h3 g5 (22... Red8 $15) 23. h4 (23. Qg4 $11) 23... Qb5 ({Black should play} 23... Rxc1 $17 24. Rxc1 gxh4) 24. Qe4 Rxc1 25. Rxc1 Nf4 26. Bxf4 gxf4 27. Rc5 Qd7 28. Qxf4 Qd1+ 29. Kh2 Qxb3 30. Nb6 (30. Rc7 $5 {[%cal Rf4f7]} Rf8 31. Nc5 Qxb2 32. Nd7 $16) 30... Rd8 (30... Qxb2 $11 {keeps the balance.} 31. Nd7 Qe2) 31. Rc7 $16 Rf8 32. Nd7 Qxb2 33. Nf6+ ({Wrong is} 33. Nxf8 $2 Bxe5 34. Nxe6 Bxf4+ 35. Nxf4 Qxf2 $19) (33. Rb7 $16) 33... Kh8 $11 34. Qe4 $2 (34. Nd7 $11 {and White stays safe.} Rg8 35. g3) 34... Bxf6 $19 35. exf6 Qxf6 {[%mdl 4096] Endgame KQR-KQR} (35... Qxf2 $19 {And now ...a5 would win.} 36. Rc2 Qxf6 37. Qxb4 Qe5+ 38. g3 Rb8) 36. g3 $2 {[%mdl 8192] This move loses the game for White.} (36. Qxb4 $17 Qe5+ 37. Kg1 Qxc7 38. Qxf8+ Kh7 39. Qb4) 36... a5 (36... Qxf2+ $142 37. Kh3 Rg8) 37. Ra7 $2 {[#]} (37. Qe3 $19) 37... Qxf2+ {[%mdl 64] Double Attack. Black mates.} 38. Kh3 Qxa7 39. Qf4 Kg7 40. Qg4+ Kf6 41. Qf4+ Ke7 42. Qc1 Rd8 {Weighted Error Value: White=0.64/Black=0.39} 0-1

[Event "9th Bangabandhu Blitz Men 2021"]
[Site "Dhaka"]
[Date "2021.04.03"]
[Round "6.8"]
[White "Zia, Tahsin Tajwar"]
[Black "Hossain, Delwar"]
[Result "1/2-1/2"]
[WhiteElo "2170"]
[BlackElo "2054"]
[Annotator "TA"]
[PlyCount "130"]
[EventDate "2021.04.02"]
[EventType "swiss"]
[EventCountry "BAN"]
[SourceTitle "playchess.com"]
[Source "ChessBase"]
[SourceQuality "1"]

{[%evp 9,130,7,4,-36,0,0,0,0,2,-10,0,-48,-40,-43,-38,-108,-110,-154,-161,-164,-157,-159,-101,-134,-144,-139,-128,-123,-116,-135,-137,-178,-127,-142,-77,-220,-221,-211,-185,-386,-386,-381,-384,-412,-488,-484,-455,-424,-372,-345,-333,-307,-233,-223,-192,-484,-290,-272,-197,-205,-205,-182,-125,-125,0,-205,-193,-193,-197,-199,-117,-117,0,0,0,0,0,0,0,0,0,0,0,0,0,0,0,0,0,0,0,0,0,0,0,0,0,0,0,0,0,0,0,0,0,0,0,0,0,0,0,0,0,0,0,0,0,0,0,0,0,0,0]} 1. d4 Nf6 2. Nf3 g6 3. Bf4 Bg7 4. e3 O-O 5. h3 d5 6. Ne5 {D02: 1 d4 d5 2 Nf3 sidelines, including 2...Nf6 3 g3 and 2...Nf6 3 Bf4.} Nbd7 7. Be2 {[#]} c5 $146 ({Predecessor:} 7... Nxe5 8. Bxe5 Nd7 9. Bh2 c5 10. c3 cxd4 11. cxd4 e5 12. O-O Qb6 13. Nc3 exd4 14. Nxd5 Qa5 15. Ne7+ Kh8 16. Qe1 Qc5 17. Nxc8 Raxc8 18. Qc1 Qxc1 19. Raxc1 Rxc1 20. Rxc1 Ne5 {0-1 (20) Rolgeizer,R-Lobzhanidze,T Teberda 2014}) 8. c3 Qb6 9. Qc1 Ne4 10. Nd2 (10. Nf3 {seems wilder.} Ndf6 11. a4 a5 12. Nbd2 Bf5 13. O-O) 10... cxd4 11. Nxe4 Nxe5 12. Bxe5 (12. exd4 $15 dxe4 13. dxe5) 12... Bxe5 $17 13. exd4 Bxd4 (13... dxe4 14. dxe5 Be6 15. O-O $15) 14. cxd4 {Threatens to win with Nc5.} dxe4 15. Qe3 e5 (15... Rd8 $142 16. O-O Rxd4) 16. Rd1 Rd8 {[%cal Re5d4]} 17. d5 Qa5+ 18. Qc3 Rxd5 (18... Qxa2 19. O-O $11) 19. Qxa5 Rxa5 20. Rd8+ Kg7 21. O-O b6 (21... Rc5 $142 22. b3 a5) 22. Rc1 (22. Bc4 $17) 22... Bb7 $19 ({Inferior is} 22... Rxa2 23. Rdxc8 Rxc8 24. Rxc8 $11) 23. Rd7 Bd5 ({Not} 23... Rxa2 24. Rcc7 $16 (24. Rxb7 Rxb2 25. Bf1 a5 $16) (24. Bc4 Rc8 $11)) 24. Rd1 $2 (24. a3) 24... Be6 25. Rc7 Rxa2 26. Bg4 Bxg4 27. hxg4 Rxb2 {[%mdl 4096] Endgame KRR-KRR} 28. Rdd7 Rf8 29. Rxa7 b5 30. Rab7 b4 31. g5 b3 {[%cal Bb4b3,Bb3b2][%mdl 32]} 32. g3 $2 (32. Re7) 32... Rb1+ (32... h6 $142 33. Rdc7 hxg5) 33. Kg2 b2 34. Rd5 {[#]} e3 $1 {[%cal Re3e2]} 35. fxe3 Rc8 ({Black should try} 35... Re1 $19 36. Rxb2 Rxe3) 36. Rd2 $17 Rc3 ({Better is} 36... h6 $17 37. Rf2 Rf8 38. gxh6+ Kxh6 39. Rfxb2 Rxb2+ 40. Rxb2 f6) 37. Kf2 $2 (37. Rf2 $1 $11 {and White is okay.} Kg8 38. Rb8+ Kg7 39. Rb7) 37... Rh1 {And now ...Rh2+ would win.} 38. Rdxb2 {White hopes to continue with Kg2.} Rh2+ 39. Kf3 Rxb2 (39... Rh5 $19 40. R2b3 Rxb3 41. Rxb3 Rxg5) 40. Rxb2 $19 {KR-KR} h5 (40... h6 $17 41. Rb5 hxg5 42. Rxe5 f5) 41. Rb5 $11 {The position is equal.} e4+ {[%mdl 64] [#] Decoy} 42. Kxe4 Rc4+ 43. Kf3 $1 h4 44. gxh4 Rxh4 45. e4 Rh1 46. Kf4 Rf1+ 47. Ke5 f6+ 48. gxf6+ Rxf6 49. Rb7+ Rf7 50. Rb6 g5 51. Rb2 Kg6 52. Rb6+ Kh5 53. Rb8 g4 54. Rh8+ Kg5 55. Ke6 (55. Rg8+ {is more complex.} Kh4 56. Kd4 g3 57. e5 Kh3 58. e6) 55... Ra7 (55... Rf6+ {keeps more tension.} 56. Kd5 Rg6 57. Rh1 Rg7 58. e5 Rd7+) 56. e5 g3 57. Rg8+ Kf4 58. Kf6 Kf3 59. e6 g2 60. Rg5 Kf2 61. Rf5+ Ke2 62. Rg5 Kf2 63. e7 Rxe7 64. Kxe7 g1=Q 65. Rxg1 Kxg1 {White happily takes the draw.  Weighted Error Value: White=0.25/Black=0.22} 1/2-1/2

[Event "9th Bangabandhu Blitz Men 2021"]
[Site "Dhaka"]
[Date "2021.04.03"]
[Round "7.1"]
[White "Hossain, Enamul"]
[Black "Anata, Choudhury"]
[Result "1-0"]
[WhiteElo "2404"]
[BlackElo "2184"]
[Annotator "ChessBase"]
[PlyCount "95"]
[EventDate "2021.04.02"]
[EventType "swiss"]
[EventCountry "BAN"]
[SourceTitle "playchess.com"]
[Source "ChessBase"]
[SourceQuality "1"]
[TimeControl "1500+10"]

1. e4 {[%emt 0:22:07]} c5 {[%emt 0:22:07]} 2. Nf3 {[%emt 0:00:10]} d6 {[%emt 0:00:09]} 3. c3 {[%emt 0:00:08]} Nf6 {[%emt 0:00:10]} 4. h3 {[%emt 0:00:09]} Nbd7 {[%emt 0:00:10]} 5. Bd3 {[%emt 0:00:10]} b6 {[%emt 0:00:20]} 6. Bc2 {[%emt 0:00:12]} Bb7 {[%emt 0:00:10]} 7. Qe2 {[%emt 0:00:12]} Qc7 {[%emt 0:00:09]} 8. O-O {[%emt 0:00:10]} Rc8 {[%emt 0:00:11]} 9. d3 {[%emt 0:00:12]} g6 {[%emt 0:00:10]} 10. Re1 {[%emt 0:00:11]} Bg7 {[%emt 0:00:11]} 11. a4 {[%emt 0:00:12]} a6 {[%emt 0:00:09]} 12. Na3 {[%emt 0:00:10]} O-O {[%emt 0:03:04]} 13. Bf4 {[%emt 0:00:13]} Ne5 {[%emt 0:00:10]} 14. Nxe5 {[%emt 0:00:29]} dxe5 {[%emt 0:00:00]} 15. Be3 {[%emt 0:00:10]} Nd7 {[%emt 0:00:00]} 16. Bb3 {[%emt 0:00:12]} e6 {[%emt 0:00:00]} 17. Bc4 {[%emt 0:00:11]} Rfd8 {[%emt 0:00:00]} 18. Bg5 {[%emt 0:00:23]} Re8 {[%emt 0:00:00]} 19. Qd2 {[%emt 0:00:15]} Nb8 {[%emt 0:00:00]} 20. Nc2 {[%emt 0:00:11]} Nc6 {[%emt 0:00:00]} 21. h4 {[%emt 0:02:23]} Na5 {[%emt 0:00:00]} 22. Ba2 {[%emt 0:00:00]} b5 {[%emt 0:00:05]} 23. axb5 {[%emt 0:00:00]} axb5 {[%emt 0:00:09]} 24. h5 {[%emt 0:00:00]} c4 {[%emt 0:00:15]} 25. d4 {[%emt 0:00:00]} exd4 {[%emt 0:00:17]} 26. cxd4 {[%emt 0:00:00]} Nc6 {[%emt 0:00:11]} 27. Rad1 {[%emt 0:00:00]} Ra8 {[%emt 0:00:10]} 28. Bb1 {[%emt 0:00:00]} Qb6 {[%emt 0:00:20]} 29. hxg6 {[%emt 0:00:00]} hxg6 {[%emt 0:00:09]} 30. d5 {[%emt 0:00:00]} Ne5 {[%emt 0:00:19]} 31. dxe6 {[%emt 0:00:10]} Qxe6 {[%emt 0:00:23]} 32. Nb4 {[%emt 0:00:17]} Bf6 {[%emt 0:00:17]} 33. Nd5 {[%emt 0:00:12]} Bxg5 {[%emt 0:00:13]} 34. Qxg5 {[%emt 0:00:09]} Bxd5 {[%emt 0:00:09]} 35. Rxd5 {[%emt 0:00:16]} b4 {[%emt 0:00:16]} 36. f4 {[%emt 0:00:21]} Nd7 {[%emt 0:00:23]} 37. Red1 {[%emt 0:00:12]} Re7 {[%emt 0:00:13]} 38. Rd6 {[%emt 0:00:14]} Nf8 {[%emt 0:00:15]} 39. Rxe6 {[%emt 0:00:10]} Rxe6 {[%emt 0:00:09]} 40. f5 {[%emt 0:00:09]} Rb6 {[%emt 0:00:10]} 41. e5 {[%emt 0:00:13]} c3 {[%emt 0:00:12]} 42. bxc3 {[%emt 0:00:09]} bxc3 {[%emt 0:00:15]} 43. e6 {[%emt 0:00:11]} fxe6 {[%emt 0:00:05]} 44. fxg6 {[%emt 0:00:10]} Ra1 {[%emt 0:00:10]} 45. Qf6 {[%emt 0:00:19]} Rb7 {[%emt 0:00:12]} 46. Rf1 {[%emt 0:00:13]} Nxg6 {[%emt 0:00:13]} 47. Qxg6+ {[%emt 0:00:55]} Rg7 {[%emt 0:00:00]} 48. Qe8# 1-0